Fundamento de diagnóstico cardiológico / (Record no. 95010)

MARC details
000 -LEADER
campo de control de longitud fija 00619nam a2200181 i 4500
001 - NÚMERO DE CONTROL
campo de control 95010
003 - IDENTIFICADOR DE NÚMERO DE CONTROL
campo de control ES-MaACL
005 - FECHA Y HORA DE LA ÚLTIMA TRANSACCIÓN
campo de control 20230906181619.0
007 - CAMPO FIJO DE DESCRIPCIÓN FÍSICA--INFORMACIÓN GENERAL
campo de control de longitud fija t|
008 - DATOS DE LONGITUD FIJA--INFORMACIÓN GENERAL
campo de control de longitud fija 050519s1971 sp ||||1| spa d
100 1# - ENTRADA PRINCIPAL--NOMBRE DE PERSONA
Nombre de persona Luisada, Aldo Augusto.
9 (RLIN) 74702
245 10 - MENCIÓN DEL TÍTULO
Título Fundamento de diagnóstico cardiológico /
Mención de responsabilidad, etc. por Aldo Augusto Luisada y Gurmurkh S. Sainani; traducción José Millá Santos.
260 ## - PUBLICACIÓN, DISTRIBUCIÓN, ETC.
Lugar de publicación, distribución, etc. Barcelona :
Nombre del editor, distribuidor, etc. Científico-Médica,
Fecha de publicación, distribución, etc. 1971.
300 ## - DESCRIPCIÓN FÍSICA
Extensión XIX, 260 p. :
Otras características físicas il. ;
Dimensiones 24 cm.
700 1# - ENTRADA AGREGADA--NOMBRE PERSONAL
Nombre de persona Sainani, Gurmurkh S.
9 (RLIN) 101501
700 1# - ENTRADA AGREGADA--NOMBRE PERSONAL
Nombre de persona Millá Santos, José.
9 (RLIN) 81123
852 ## - LOCALIZACIÓN
Ubicación ES-MaACL
Número de control de estantería C-42373
Sublocalización o colección R.79123
Holdings
Estatus retirado Estado de pérdida Estado de daño No para préstamo Biblioteca de origen Biblioteca actual Ubicación en estantería Fecha de adquisición Fuente de adquisición Total de préstamos Signatura topográfica completa Código de barras Visto por última vez Precio de reemplazo Tipo de ítem Koha
        Biblioteca del Ateneo de Madrid Biblioteca del Ateneo de Madrid Depósito 2 17/01/2008     C-42373 1099218 23/02/2023 23/02/2023 Libro impreso